• 首页
  • 本馆介绍
  • 公告通知
  • 最新文献
  • 馆藏检索
  • 电子资源
  • 读者导购
  • 参考咨询
  • 我的图书馆
  • 登录
  • 详细信息显示
  • 放入我的书架
  • 预约/预借图书
  • 作者相关作品
  • 分类相关作品
  • 丛书相关作品
  • 出版社相关作品

书目信息

  • 表格格式
  • 工作单格式
  • 卡片格式
题名:
国家与社会革命
    
 
作者: 斯考切波 著 ;何俊志 , 王学东 译
分册:  
出版信息: 上海   上海人民出版社  2007
页数: 23,389页
开本: 23cm
丛书名: 东方编译所译丛
单 册:
中图分类: K02 , K512.511
科图分类:
主题词: 法国大革命(1789~1794)--研究 , 十月社会主义革命--研究 , 新民主主义革命--历史--中国--研究 , 法国大革命(1789~1794) , 十月社会主义革命 , 新民主主义革命 , 社会发展--理论
电子资源:
ISBN: 978-7-208-06774-5
000 01462oam2 2200361 450
001 1550417430
005 20150127220135.00
010    @a978-7-208-06774-5@dCNY38.00
100    @a20070402d2007 em y0chiy50 ea
101 1  @achi@ceng
102    @aCN@b310000
105    @ay z 000yy
200 1  @a国家与社会革命@Aguo jia yu she hui ge ming@e对法国、俄国和中国的比较分析@dStates and social revolutions acomparative analysis of France, Russia,and China@f(美)西达·斯考切波(Theda Skocpol)著@g何俊志, 王学东译@zeng
210    @a上海@c上海人民出版社@d2007
215    @a23,389页@d23cm
225 2  @a东方编译所译丛
330    @a本书以清晰的架构和精细的运思,对发生于近现代的法国、俄国及中国三场社会革命进行了极具挑战性的比较研究,分析了法国、俄国和中国社会革命的原因及后果。
461  0 @12001 @a东方编译所译丛
510 1  @aStates and social revolutions acomparative analysis of France, Russia,and China@zeng
606 0  @a法国大革命(1789~1794)@x研究
606 0  @a十月社会主义革命@x研究
606 0  @a新民主主义革命@x历史@y中国@x研究
606 0  @a法国大革命(1789~1794)
606 0  @a十月社会主义革命
606 0  @a新民主主义革命
606 0  @a社会发展@x理论
690    @aK02@v4
690    @aK512.511@v4
701  0 @c(美)@a斯考切波@Asi kao qie bo@c(女,Skocpol, Theda@f1947.5~)@4著
702  0 @a何俊志@Ahe jun zhi@f(1973.3~)@4译
702  0 @a王学东@Awang xue dong@f(1974~)@4译
801  0 @aCN@bTSSF@c20150127
905    @aZUCC@dK02@eJY40
    
    国家与社会革命:对法国、俄国和中国的比较分析=States and social revolutions acomparative analysis of France, Russia,and China/(美)西达·斯考切波(Theda Skocpol)著/何俊志, 王学东译.-上海:上海人民出版社,2007
    23,389页;23cm.-(东方编译所译丛)
    
    
    ISBN 978-7-208-06774-5:CNY38.00
    本书以清晰的架构和精细的运思,对发生于近现代的法国、俄国及中国三场社会革命进行了极具挑战性的比较研究,分析了法国、俄国和中国社会革命的原因及后果。
●
相关链接 在E读中查询图书 在五车中查询图书 在当当中查询图书 在豆瓣中查询图书


正题名:国家与社会革命     索取号:K02/JY40         预约/预借

序号 登录号 条形码 馆藏地/架位号 状态 备注
1 7841319   278413192   学院路分馆/ [索取号:K02/JY40] 在馆    
2 7841320   278413209   学院路分馆/ [索取号:K02/JY40] 在馆    
唐山师范学院图书馆 欢迎您!
大连网信软件有限公司© 版权所有